000 006040000a22001810004500
003 MACL
005 20160603121523.0
008 160603b xxu||||| |||| 00| 0 eng d
040 _aMACL
_cMACL
041 _aHindi
082 _a910 SIN
100 _aसिंधानिया, विजयपत
_961958
245 _aमेरे साथ एक नन्‍ही परी
_cविजयपत सिंघानिया
260 _bप्रभात प्रकाशन
_c2009
_aनई दिल्‍ली
350 _a250
650 _aTravel
_961959
942 _cHIN
_k910/SIN
_2ddc
999 _c41988
_d41988